000 00758nam a22002537a 4500
003 OSt
005 20260422163644.0
007 ta
008 260422b bl ||||| |||| 00| 0 por d
020 _a8572831541
_q(encad.)
040 _bpor
_cOSt
041 0 _apor
_hpor
082 _a342.6526
_bF178j
100 1 _aFalcão, Ismael Marinho
_d1939-
_91129
210 _2Justa causa na rescisão trabalhista
245 1 0 _aJusta causa na rescisão trabalhista :
_bdoutrina, prática e jurisprudência /
260 _aBauru :
_bEdipro,
_c1996.
300 _a128 p. :
_c21 cm
504 _aBibliografia: p. 127-128
650 0 4 _aEmpregados-Dispensa
650 0 4 _aLeis e legislação-Brasil
650 0 4 _aJusta causa-Direito do trabalho
942 _2ddc
_cLIV
_n0
999 _c824
_d824